Speak Like a CEO: Secrets for Commanding Attention and Getting Results : Secrets for Communicating Attention and Getting Results : (Record no. 592142)

MARC details
000 -LEADER
fixed length control field 00556nam a2200181 a 4500
008 - FIXED-LENGTH DATA ELEMENTS--GENERAL INFORMATION
fixed length control field 251017s2005##################000#0#eng##
020 ## - INTERNATIONAL STANDARD BOOK NUMBER
ISBN 9780071451512
082 04 - DEWEY DECIMAL CLASSIFICATION NUMBER
Classification number 658.452
Item number BAT
100 1# - MAIN ENTRY--AUTHOR NAME
Personal name Bates, Suzanne,
245 10 - TITLE STATEMENT
Title Speak Like a CEO: Secrets for Commanding Attention and Getting Results : Secrets for Communicating Attention and Getting Results :
260 ## - PUBLICATION, DISTRIBUTION, ETC. (IMPRINT)
Name of publisher Mcgraw-hill,
Year of publication 2005.
650 #0 - SUBJECT ADDED ENTRY--TOPICAL TERM
Topical Term Business & Economics.
942 ## - ADDED ENTRY ELEMENTS (KOHA)
Koha item type English Books
Holdings
Withdrawn status Lost status Damaged status Not for loan Home library Current library Shelving location Date acquired Full call number Accession Number Price effective from Koha item type
        Anna Centenary Library Anna Centenary Library 6TH FLOOR, B WING 17.10.2025 658.452 BAT 491312 17.10.2025 English Books

Find us on the map